Sports Quiz

Random Sports or NCAA Quiz

2010 NCAA Starting Quarterbacks Quiz Stats

 Plays Quiz not verified by Sporcle

Score 0/121 Timer 10:00
0 Plays Today
Team Quarterback % Correct
AuburnCam Newton
76.9%
Oklahoma Landry Jones
71.8%
West Virginia Geno Smith
70.1%
StanfordAndrew Luck
69.7%
AlabamaGreg McElroy
69.2%
ArkansasRyan Mallett
66.7%
Michigan Denard Robinson
66.7%
Boise St.Kellen Moore
66.2%
VanderbiltLarry Smith
66.2%
TroyCorey Robinson
65.8%
Ohio St.Terrell Pryor
61.1%
Texas A&MJerrod Johnson
61.1%
USCMatt Barkley
61.1%
WashingtonJake Locker
60.7%
Air ForceTim Jefferson
57.7%
Baylor Robert Griffin III
57.7%
NebraskaTaylor Martinez
57.7%
MiamiJacory Harris
56.8%
NC St.Russell Wilson
56.4%
Virginia TechTyrod Taylor
56%
FloridaJohn Brantley
55.1%
Florida St.Christian Ponder
55.1%
LSUJordan Jefferson
54.3%
OregonDarron Thomas
54.3%
Michigan St.Kirk Cousins
53%
TCUAndy Dalton
52.6%
IowaRicky Stanzi
51.3%
TulaneRyan Griffin
51.3%
Colorado St.Pete Thomas
50.9%
Arizona Nick Foles
50%
MissouriBlaine Gabbert
47.9%
GeorgiaAaron Murray
47.4%
HoustonDavid Piland
47.4%
South CarolinaStephen Garcia
47.4%
TexasGarrett Gilbert
46.2%
NevadaColin Kaepernick
43.6%
Notre DameDayne Crist
42.7%
Ole MissJeremiah Masoli
40.2%
Oklahoma St.Brandon Weeden
39.7%
OhioBoo Jackson
38%
North CarolinaTJ Yates
37.6%
Team Quarterback % Correct
MemphisRyan Williams
37.2%
WisconsinScott Tolzien
37.2%
Clemson Kyle Parker
36.8%
Georgia TechJosh Nesbitt
32.9%
TennesseeMatt Simms
32.9%
Southern MissAustin Davis
32.1%
BuffaloJerry Davis
29.9%
ECUDomanique Davis
29.9%
South FloridaBJ Daniels
29.9%
Texas TechTaylor Potts
28.2%
NorthwesternDan Persa
27.4%
CincinnatiZach Collaros
26.5%
NavyRicky Dobbs
26.5%
RutgersTom Savage
24.8%
Mississippi St.Chris Relf
22.2%
PurdueRobert Marve
22.2%
MinnesotaAdam Weber
19.7%
SyracuseRyan Nassib
19.7%
IllinoisNathan Scheelhaase
19.2%
KentuckyMike Hartline
19.2%
Oregon St.Ryan Katz
19.2%
Maryland Danny O'Brien
18.8%
Arizona St.Steven Threet
18.4%
UCLAKevin Prince
18.4%
Robert Bolden
17.9%
MarshallBrian Anderson
17.5%
CalKevin Riley
17.1%
Iowa St.Austen Arnaud
16.2%
HawaiiBryant Moniz
16.2%
PittsburghTino Sunseri
15.8%
Penn St. Darryl Clark
15.4%
Middle Tennessee St.Dwight Dasher
14.5%
Idaho Nathan Enderle
14.1%
San Diego St.Ryan Lindley
14.1%
KansasJordan Webb
13.7%
Tulsa GJ Kinne
13.7%
SMUKyle Padron
13.2%
BYUJake Heaps
12.4%
UtahJordan Wynn
12.4%
Kansas St. Carson Coffman
11.5%
IndianaBen Chappell
11.5%
Team Quarterback % Correct
DukeSean Renfree
11.1%
Northern IllinoisChandler Harnish
11.1%
Miami OHZac Dysert
10.7%
North TexasRiley Dodge
10.7%
Wake ForestTanner Price
10.3%
ConnecticutZach Frazer
9%
Washington St.Jeff Tuel
9%
Utah St. Diondre Borel
8.1%
Western Michigan Alex Carder
8.1%
Boston CollegeDave Shinskie
7.7%
Army Trent Steelman
7.3%
New MexicoBR Holbrook
7.3%
ToledoAustin Dantin
7.3%
ColoradoTyler Hansen
6.8%
UABBryan Ellis
6.8%
VirginiaMarc Verica
6.8%
UTEPTrevor Vittatoe
6.4%
FIU Wesley Carroll
6%
RiceNick Fanuzzi
5.6%
Louisiana TechRoss Jenkins
5.1%
Louisville Adam Froman
5.1%
WyomingAustyn Carta-Samuels
5.1%
UCFJeff Godfrey
4.7%
Arkansas St.Ryan Aplin
4.3%
Eastern Michigan Alex Gillett
3.4%
TempleChester Stewart
3.4%
Fresno St.Ryan Colburn
3%
Louisiana-MonroeKolton Browning
3%
New Mexico St.Matt Christian
3%
Ball StateKeith Wenning
2.6%
Central MichiganRyan Radcliff
2.1%
Louisiana-LafayetteChris Masson
2.1%
Western KentuckyKawaun Jakes
2.1%
AkronPatrick Nicely
1.7%
Kent St.Spencer Keith
1.7%
San Jose St.Jordan La Secla
1.7%
Bowling GreenMatt Schilz
1.3%
Florida AtlanticJeff Van Camp
1.3%
UNLVOmar Clayton
1.3%

You're not logged in!

Compare scores with friends on all Sporcle quizzes.
OR
Log In

Show Comments

Extras

Created Oct 30, 2010ReportNominate
Tags:NCAA Quiz, 2010, FBS, Starting QB

Top Quizzes Today


Score Distribution

Your Account Isn't Verified!

In order to create a playlist on Sporcle, you need to verify the email address you used during registration. Go to your Sporcle Settings to finish the process.

Report this User

Report this user for behavior that violates our Community Guidelines.

Details: